Theorie et calcul des engrenages hypoids.

Bibliographic Details
Main Author: Capelle, Jean
Format: Book
Language:French
Published: Paris : Dunod, 1949.
Subjects:

MARC

Tag First Indicator Second Indicator Subfields
LEADER 00000cam a2200000 4500
001 in00000045766
005 20151007075246.0
008 800613s1949 fr a 00000 free
010 |a  50016457  
035 |a (OCoLC)06416760 
035 |9 AAF2910AM 
040 |a DLC  |c TXA  |d TXA  |d UtOrBLW 
049 |a TXAM  |c [205826] 
050 0 |a TJ202  |b .C3 
082 0 |a 621.83 
092 |a 621.83  |b C238t 
100 1 |a Capelle, Jean. 
245 1 0 |a Theorie et calcul des engrenages hypoids. 
264 1 |a Paris :  |b Dunod,  |c 1949. 
300 |a 73 pages :  |b diagrams ;  |c 24 cm. 
336 |a text  |b txt  |2 rdacontent 
337 |a unmediated  |b n  |2 rdamedia 
338 |a volume  |b nc  |2 rdacarrier 
650 0 |a Gearing. 
740 0 |a Engrenages Hypoids. 
999 |a MARS 
999 f f |s d4c293a6-37f7-33e6-a297-da42404ea3f1  |i 86474e87-5171-3e6d-867d-4239d336fd86  |t 0 
952 f f |p ric  |a Texas A&M University  |b Rellis Campus  |c Joint Library Facility  |d Remote Storage  |t 0  |e TJ202 .C3  |h Library of Congress classification  |i unmediated -- volume  |m A14801042523 
998 f f |a TJ202 .C3  |t 0  |l Remote Storage